00834nam 22002173 4500001000700000010002200007021001800029090001100047100004100058200012800099210005300227215002900280225006000309606005700369675001800426700005900444801001800503830001000521990001100531995007400542202817 a978-972-31-1453-9 aPTb346944/12 a202817 a20260701d u||y0pory50 ba aImagem, corpo, tecnologia : a função háptica das novas imagens tecnológicasfPatrícia Silveirinha Castello Branco a[Lisboa]cFundação Calouste Gulbenkiand2013 a626 p.cbrochadod23 cm  aTextos universitários de ciências sociais e humanas 98634aEstética. Filosofia da Arte. Critica da Arte a7.01vPTzpor 917672aBrancobPatrícia Silveirinha Castello f1972- aPTbBMMNgRPC cVanda cLIVROS 002052026-07-01932626bBMMNf32337k7.01 BRA|DEPo0rLIVROSsOferta